[Event "OLNO 1718 Greifswalder SV - SV Empor Be"]
[Site "?"]
[Date "2017.12.10"]
[Round "4.6"]
[White "Kuersten, Ruediger"]
[Black "Sulayev, Daniel"]
[Result "1/2-1/2"]
[WhiteElo "2158"]
[BlackElo "2058"]
[PlyCount "119"]
[EventDate "2017.??.??"]

1. d4 Nf6 2. Nf3 g6 3. c4 c5 4. e3 Bg7 5. Nc3 O-O 6. Bd3 b6 7. d5 d6 8. h3 e6
9. O-O exd5 10. cxd5 Ba6 11. Qe2 Bxd3 12. Qxd3 a6 13. a4 Nbd7 14. Nd2 Qc7 15.
f4 Rfc8 16. Qc4 Qb7 17. Ra3 Rcb8 18. Rb3 Ne8 19. Qd3 Qc7 20. e4 Qd8 21. Qe2 Nc7
22. Nc4 Qe7 23. e5 Ne8 24. Re1 Ra7 25. e6 Bd4+ 26. Kh1 Ndf6 27. Rxb6 Rxb6 28.
Nxb6 Qd8 29. Nd7 fxe6 30. Qxe6+ Kg7 31. Nxf6 Nxf6 32. g3 Bf2 33. Re2 Bxg3 34.
Qe3 Nh5 35. Qf3 Qh4 36. Qg4 Qxg4 37. hxg4 Bxf4 38. Bxf4 Nxf4 39. Re8 Kf7 40.
Rb8 Nd3 41. Ne4 Rd7 42. g5 Nb4 43. Nf6 Re7 44. Rh8 Re1+ 45. Kg2 Re2+ 46. Kf3
Rxb2 47. Rxh7+ Kf8 48. Rd7 Rd2 49. Rd8+ Ke7 50. Rd7+ Kf8 51. Rxd6 c4 52. Rd8+
Ke7 53. Rd7+ Kf8 54. Ke3 c3 55. Rd8+ Ke7 56. Rd7+ Kf8 57. a5 Rd3+ 58. Ke4 c2
59. Rd8+ Kf7 60. Rd7+ {(=)} 1/2-1/2

[Event "OLNO 1718 Greifswalder SV - SV Empor Be"]
[Site "?"]
[Date "2017.12.10"]
[Round "4.7"]
[White "Welz, Peter"]
[Black "Kalhorn, Stefan"]
[Result "1-0"]
[WhiteElo "2028"]
[BlackElo "2160"]
[PlyCount "46"]
[EventDate "2017.??.??"]

1. f4 c5 2. Nf3 Nc6 3. e3 e6 4. Be2 g6 5. O-O Bg7 6. d4 cxd4 7. exd4 Nge7 8. c3
O-O 9. Na3 d5 10. Nc2 Rb8 11. Ne3 b5 12. a3 a5 13. Qe1 b4 14. axb4 axb4 15. Qh4
f6 16. Bd3 e5 17. fxe5 fxe5 18. dxe5 Nxe5 19. Nxe5 Rxf1+ 20. Bxf1 Bxe5 21. Nxd5
Rb7 22. Bg5 Bd6 23. Nf6+ Kf8 1-0

[Event "OLNO 1718 Greifswalder SV - SV Empor Be"]
[Site "?"]
[Date "2017.12.10"]
[Round "4.8"]
[White "Reyer, Ulli"]
[Black "Silz, Elisa"]
[Result "1-0"]
[WhiteElo "2161"]
[BlackElo "1999"]
[PlyCount "67"]
[EventDate "2017.??.??"]

1. e4 c5 2. Nf3 d6 3. Bb5+ Bd7 4. Bxd7+ Qxd7 5. O-O Nf6 6. e5 dxe5 7. Nxe5 Qc7
8. d4 e6 9. Bf4 Bd6 10. Na3 Qd8 11. dxc5 Be7 12. Nb5 Nd5 13. Bg3 O-O 14. c4 a6
15. Nd6 Bxd6 16. cxd6 Nf6 17. Bh4 h6 18. Ng4 Nbd7 19. Qf3 b6 20. b4 Rc8 21.
Rac1 Kh7 22. Bxf6 Nxf6 23. Nxf6+ gxf6 24. c5 f5 25. Rfd1 bxc5 26. bxc5 Qg5 27.
c6 Rfd8 28. c7 Rxd6 29. Qb7 Rxd1+ 30. Rxd1 Qg8 31. Rd7 Kg6 32. Qb4 Qe8 33. Qd6
Kg7 34. h4 1-0

[Event "OLNO 1718 LOK RAW Cottbus - TuS Makkabi"]
[Site "?"]
[Date "2017.12.10"]
[Round "4.1"]
[White "Sawlin, Leonid"]
[Black "Kapp, Martin"]
[Result "1-0"]
[WhiteElo "2335"]
[BlackElo "2248"]
[PlyCount "99"]
[EventDate "2017.??.??"]

1. e4 e6 2. d4 d5 3. Nd2 Nf6 4. e5 Nfd7 5. Bd3 c5 6. c3 Nc6 7. Ne2 cxd4 8. cxd4
f6 9. exf6 Nxf6 10. Nf3 Bd6 11. O-O O-O 12. Nc3 Bd7 13. Re1 Qe8 14. Ne5 Nxd4
15. Bxh7+ Nxh7 16. Qxd4 Rc8 17. Bf4 Bc5 18. Qd2 Nf6 19. Be3 b6 20. Bd4 Bc6 21.
Rad1 Bb7 22. Qe3 Qh5 23. h3 Rfe8 24. f3 Re7 25. Ne2 Ne4 26. Nf4 Qxe5 27. Bxe5
Bxe3+ 28. Rxe3 Ng5 29. Bc3 Kf7 30. Rde1 Rc4 31. Nd3 Ra4 32. Bb4 Re8 33. a3 Nh7
34. Ne5+ Kg8 35. b3 Ra6 36. Rc3 Nf6 37. Rc7 Ba8 38. Rec1 Kh7 39. Rc8 Bb7 40.
R8c7 Ba8 41. Rf7 Rg8 42. Rcc7 Ne8 43. Rc8 Nd6 44. Bxd6 Rxc8 45. Bf8 Kg8 46.
Bxg7 Bc6 47. Bf6 Be8 48. Rg7+ Kf8 49. Rh7 Rc1+ 50. Kh2 1-0

[Event "OLNO 1718 LOK RAW Cottbus - TuS Makkabi"]
[Site "?"]
[Date "2017.12.10"]
[Round "4.3"]
[White "Gazmaga, Stefan"]
[Black "Pfeffer, Ruprecht"]
[Result "0-1"]
[WhiteElo "2165"]
[BlackElo "2264"]
[PlyCount "36"]
[EventDate "2017.??.??"]

1. d4 Nf6 2. c4 g6 3. Nc3 d5 4. cxd5 Nxd5 5. e4 Nxc3 6. bxc3 Bg7 7. Bg5 O-O 8.
Rc1 c5 9. d5 Qd6 10. Nf3 e6 11. Be2 exd5 12. exd5 h6 13. Bh4 f5 14. O-O Nd7 15.
Re1 g5 16. Bxg5 hxg5 17. Nxg5 Nf6 18. Bc4 Qf4 0-1

[Event "OLNO 1718 LOK RAW Cottbus - TuS Makkabi"]
[Site "?"]
[Date "2017.12.10"]
[Round "4.4"]
[White "Kunze, Kerstin"]
[Black "Krefenstein, Sergej"]
[Result "1/2-1/2"]
[WhiteElo "2093"]
[BlackElo "2155"]
[PlyCount "71"]
[EventDate "2017.??.??"]

1. e4 e5 2. Nf3 Nc6 3. Bb5 a6 4. Ba4 Nf6 5. O-O Be7 6. Re1 b5 7. Bb3 O-O 8. a4
Rb8 9. axb5 axb5 10. c3 d6 11. h3 Re8 12. d4 exd4 13. cxd4 Bf8 14. Ng5 Re7 15.
Nc3 Qe8 16. Bf4 b4 17. Nd5 Nxd5 18. Bxd5 Nd8 19. e5 dxe5 20. Bxe5 Qd7 21. Qd3
Qf5 22. Qg3 Bb7 23. Bxb7 Rxb7 24. Bxg7 Rb5 25. Bxf8 Rxe1+ 26. Rxe1 Kxf8 27. Nf3
Ne6 28. Qh4 Rd5 29. Qh6+ Ke7 30. Qc1 Kf6 31. Qh6+ Qg6 32. Qh4+ Kg7 33. Ne5 Qg5
34. Qxg5+ Nxg5 35. Nc6 Rd6 36. Nxb4 {(=)} 1/2-1/2

[Event "OLNO 1718 LOK RAW Cottbus - TuS Makkabi"]
[Site "?"]
[Date "2017.12.10"]
[Round "4.5"]
[White "Sawlin, Michail"]
[Black "Franzke, Alexander"]
[Result "0-1"]
[WhiteElo "2189"]
[BlackElo "2019"]
[PlyCount "102"]
[EventDate "2017.??.??"]

1. e4 c5 2. Nf3 g6 3. Nc3 Bg7 4. d4 cxd4 5. Nxd4 Nc6 6. Be3 Nf6 7. Nb3 O-O 8.
Be2 a5 9. a4 Nb4 10. Bf3 d6 11. O-O Be6 12. Nd4 Bc4 13. Re1 Rc8 14. Rc1 Nd7 15.
Bg4 e6 16. f4 Nb6 17. b3 Ba6 18. Ncb5 Na2 19. Ra1 Nc3 20. Qd3 Nd7 21. Bd2 Qb6
22. Be3 Qd8 23. Kh1 Qh4 24. Bf3 e5 25. g3 Qe7 26. Ne2 exf4 27. Bd4 Ne5 28. Bxe5
Bxe5 29. gxf4 Bg7 30. e5 Nxe2 31. Qxe2 dxe5 32. fxe5 Rc5 33. Rad1 Rxe5 34. Qd2
Re8 35. Rxe5 Qxe5 36. Qxa5 Qf4 37. Rd3 Be5 38. Qd2 Qh4 39. Qe2 Re7 40. Re3 Bxh2
41. Rxe7 Bd6+ 42. Kg2 Bxe7 43. Qf2 Qf4 44. Qg3 Qd2+ 45. Qf2 Qc1 46. c4 Qg5+ 47.
Qg3 Bxb5 48. axb5 b6 49. Bd5 Kg7 50. Kf3 Qxg3+ 51. Kxg3 f5 0-1

[Event "OLNO 1718 LOK RAW Cottbus - TuS Makkabi"]
[Site "?"]
[Date "2017.12.10"]
[Round "4.6"]
[White "Kirst, Julia"]
[Black "Emig, Edgar"]
[Result "1/2-1/2"]
[WhiteElo "1949"]
[BlackElo "2137"]
[PlyCount "90"]
[EventDate "2017.??.??"]

1. Nf3 d5 2. g3 g6 3. Bg2 Bg7 4. O-O Bf5 5. d3 Qd7 6. Nbd2 Nc6 7. c4 d4 8. Qa4
e5 9. b4 a6 10. Ng5 Nd8 11. Qb3 Nh6 12. Nge4 Bh3 13. Nf3 Ng8 14. Bd2 Bxg2 15.
Kxg2 Ne6 16. Nfg5 f5 17. Nxe6 Qxe6 18. Nc5 Qc6+ 19. Kg1 Nf6 20. Na4 Qe6 21. Nc5
Qc6 22. Na4 Nd7 23. b5 Qe6 24. Bb4 Kf7 25. Nc5 Nxc5 26. Bxc5 axb5 27. Qxb5 b6
28. Bb4 Rhb8 29. Bd2 Bf8 30. a4 Bd6 31. Qb2 Qd7 32. Qb3 Kg7 33. Qc2 Ra7 34. Ra2
Rba8 35. Rfa1 Qe7 36. a5 bxa5 37. Rxa5 Rxa5 38. Rxa5 Rxa5 39. Bxa5 e4 40. Qd2
c5 41. Kg2 h5 42. Qb2 Kf7 43. Qb6 Qd7 44. Qa6 g5 45. Qa8 Qe6 {(=)} 1/2-1/2

[Event "OLNO 1718 LOK RAW Cottbus - TuS Makkabi"]
[Site "?"]
[Date "2017.12.10"]
[Round "4.7"]
[White "Gorodetski, Grigori"]
[Black "Lehmann, Alexander"]
[Result "1-0"]
[WhiteElo "1864"]
[BlackElo "1983"]
[PlyCount "87"]
[EventDate "2017.??.??"]

1. d4 Nf6 2. Bg5 d5 3. e3 c5 4. Bxf6 gxf6 5. c3 Nc6 6. dxc5 e6 7. b4 a5 8. Qb3
b6 9. b5 a4 10. Qc2 Ne5 11. c6 Qd6 12. Nd2 Qc5 13. Ngf3 Nc4 14. Nxc4 dxc4 15.
Rb1 Ra5 16. Nd2 Rxb5 17. Bxc4 Rxb1+ 18. Qxb1 Be7 19. O-O O-O 20. Qb5 a3 21.
Qxc5 Bxc5 22. Ne4 Be7 23. Rd1 f5 24. Ng3 Kg7 25. Kf1 e5 26. Ne2 Be6 27. Bxe6
fxe6 28. Rd7 Kf6 29. c4 Rc8 30. f4 exf4 31. c7 e5 32. exf4 Ke6 33. Rd5 Rxc7 34.
Rxe5+ Kf6 35. Nc3 Kf7 36. Nd5 Rb7 37. Rxf5+ Kg7 38. Re5 Bd6 39. Re6 Bc5 40. Rc6
Kg8 41. Rc8+ Bf8 42. Rc7 Rxc7 43. Nxc7 Bd6 44. Nd5 1-0

[Event "OLNO 1718 LOK RAW Cottbus - TuS Makkabi"]
[Site "?"]
[Date "2017.12.10"]
[Round "4.8"]
[White "Hering, Sven"]
[Black "Schmidt, Jevgen"]
[Result "1-0"]
[WhiteElo "1977"]
[BlackElo "1845"]
[PlyCount "123"]
[EventDate "2017.??.??"]

1. e4 c6 2. Nc3 d6 3. d4 Nd7 4. f4 e5 5. Nf3 Qc7 6. Bc4 Nb6 7. Bb3 exd4 8. Qxd4
Be6 9. Be3 Nf6 10. Bxe6 fxe6 11. e5 dxe5 12. Qxe5 Qxe5 13. Nxe5 Bd6 14. O-O-O
Bxe5 15. fxe5 Nfd5 16. Bd2 Nxc3 17. Bxc3 Nd5 18. Bd2 O-O 19. g3 b5 20. Rhf1
Rxf1 21. Rxf1 Rf8 22. Rxf8+ Kxf8 23. b3 h5 24. Kb2 Kf7 25. c4 Ne7 26. Kc3 a5
27. Kd4 a4 28. cxb5 axb3 29. axb3 cxb5 30. Kc5 Nf5 31. b4 Ke7 32. Kxb5 Nd4+ 33.
Ka6 Kd7 34. b5 Kc8 35. b6 Nc6 36. Bc3 Kb8 37. Bd2 Ka8 38. Be3 Nb4+ 39. Kb5 Nd5
40. Bc5 Kb7 41. Bd4 g5 42. Kc5 Ne7 43. Be3 g4 44. Bg5 Nf5 45. Bd8 Kc8 46. Bf6
Kb7 47. Bg5 Ng7 48. Kd6 Kxb6 49. Bf6 Nf5+ 50. Kxe6 Nd4+ 51. Kf7 Kc6 52. e6 Nf5
53. Kg6 Nd6 54. Kxh5 Kd5 55. e7 Ke6 56. Bb2 Kf5 57. Kh6 Ne8 58. Bc3 Nc7 59. Kg7
Ke6 60. Kf8 Kd7 61. Kf7 Ne8 62. Be5 1-0

[Event "OLNO 1718 TuS Makkabi Berlin - TSG Neur"]
[Site "?"]
[Date "2018.01.21"]
[Round "5.1"]
[White "Schoene, Ralf"]
[Black "Sawlin, Leonid"]
[Result "0-1"]
[WhiteElo "2271"]
[BlackElo "2343"]
[PlyCount "134"]
[EventDate "2018.??.??"]

1. d4 e6 2. c4 d5 3. Nc3 Nf6 4. Bg5 Be7 5. e3 O-O 6. Nf3 Nbd7 7. Qc2 b6 8. Bh4
a6 9. cxd5 exd5 10. Bd3 c5 11. O-O c4 12. Bf5 Re8 13. Ne5 Nf8 14. a4 g6 15.
Bxc8 Rxc8 16. f4 Qd6 17. Rf3 N6d7 18. Rh3 Bxh4 19. Rxh4 h5 20. Rf1 Rb8 21. g4
hxg4 22. Nxg4 Nf6 23. Ne5 b5 24. f5 Rxe5 25. dxe5 Qxe5 26. axb5 axb5 27. Qd2 b4
28. Ne2 g5 29. Rd4 Re8 30. e4 Nxe4 31. Rxe4 dxe4 32. Qxg5+ Qg7 33. Qxg7+ Kxg7
34. Rc1 Rc8 35. Kf2 Kf6 36. Ke3 Ke5 37. Ra1 Nd7 38. Ra7 Nf6 39. Rxf7 Nd5+ 40.
Kd2 c3+ 41. bxc3 bxc3+ 42. Kc1 Ra8 43. f6 Ra1+ 44. Kc2 Ra2+ 45. Kd1 Ne3+ 46.
Ke1 Ra1+ 47. Kf2 Rf1+ 48. Kg3 Rf3+ 49. Kh4 c2 50. Kg5 Rf5+ 51. Kg6 Nd5 52. Re7+
Nxe7+ 53. fxe7 Rf6+ 54. Kg7 Re6 55. Kf7 e3 56. h4 Rxe7+ 57. Kxe7 Ke4 58. h5 Kd3
59. Nc1+ Kd2 60. h6 Kxc1 61. h7 e2 62. h8=Q e1=Q+ 63. Kd7 Kd1 64. Qh5+ Qe2 65.
Qh1+ Kd2 66. Qh6+ Qe3 67. Qh2+ Kc3 0-1

[Event "OLNO 1718 TuS Makkabi Berlin - TSG Neur"]
[Site "?"]
[Date "2018.01.21"]
[Round "5.2"]
[White "Kiesekamp, Marcos"]
[Black "Heuer, Thomas"]
[Result "1/2-1/2"]
[WhiteElo "2330"]
[BlackElo "2103"]
[PlyCount "73"]
[EventDate "2018.??.??"]

1. e4 c5 2. Nf3 Nc6 3. d4 cxd4 4. Nxd4 g6 5. c4 Bg7 6. Be3 Nf6 7. Nc3 d6 8. Be2
O-O 9. O-O Bd7 10. Qd2 Nxd4 11. Bxd4 Bc6 12. f3 Nd7 13. Be3 a5 14. b3 Nc5 15.
Rab1 Qc7 16. a3 Rfc8 17. Bd1 Qd8 18. Bc2 Bd7 19. b4 axb4 20. axb4 Ra3 21. Nd5
Ne6 22. Bb3 b5 23. Nb6 bxc4 24. Nxc8 Bxc8 25. Bxc4 Rxe3 26. Bxe6 Qb6 27. Bxf7+
Kxf7 28. Kh1 Ra3 29. Qc1 Rc3 30. Qg5 Rc4 31. f4 h6 32. Qd5+ Be6 33. Qd2 Rxe4
34. b5 Qd4 35. Qxd4 Rxd4 36. b6 Bd5 37. b7 1/2-1/2

[Event "OLNO 1718 TuS Makkabi Berlin - TSG Neur"]
[Site "?"]
[Date "2018.01.21"]
[Round "5.3"]
[White "Simon, Ralf-Axel"]
[Black "Gazmaga, Stefan"]
[Result "1-0"]
[WhiteElo "2146"]
[BlackElo "2158"]
[PlyCount "88"]
[EventDate "2018.??.??"]

1. Nf3 f5 2. c4 Nf6 3. Nc3 d6 4. d4 g6 5. e3 Bg7 6. Be2 O-O 7. O-O a5 8. b3 c6
9. Qc2 Na6 10. a3 Qc7 11. Bb2 e5 12. Rfc1 e4 13. Nd2 Qe7 14. Na4 Nd7 15. Bc3
Nc7 16. b4 axb4 17. axb4 b5 18. cxb5 cxb5 19. Bb2 Rxa4 20. Qxc7 f4 21. Rxa4
bxa4 22. b5 fxe3 23. fxe3 Bh6 24. Bc4+ Kh8 25. d5+ Kg8 26. Bd4 a3 27. b6 a2 28.
b7 Bxb7 29. Qxb7 Qf6 30. Bxf6 Bxe3+ 31. Kh1 Nxf6 32. Qb2 Ng4 33. h3 Nf2+ 34.
Kh2 Bf4+ 35. g3 Be5 36. Qxa2 e3 37. Nf1 Ne4 38. Nxe3 Rf3 39. Nf1 Nxg3 40. Nxg3
Rxg3 41. Qa8+ Kf7 42. Kh1 Rxh3+ 43. Kg2 Rh2+ 44. Kf3 h5 1-0

[Event "OLNO 1718 TuS Makkabi Berlin - TSG Neur"]
[Site "?"]
[Date "2018.01.21"]
[Round "5.4"]
[White "Krefenstein, Sergej"]
[Black "Gropp, Andreas"]
[Result "1/2-1/2"]
[WhiteElo "2153"]
[BlackElo "2157"]
[PlyCount "85"]
[EventDate "2018.??.??"]

1. d4 e6 2. c4 f5 3. Nc3 Nf6 4. g3 d5 5. Bg2 c6 6. Nf3 Bd6 7. O-O O-O 8. Qc2
Qe8 9. Nd2 Qh5 10. f4 Nbd7 11. Nf3 Ne4 12. Nxe4 fxe4 13. Ne5 Nxe5 14. fxe5
Rxf1+ 15. Bxf1 Be7 16. Be3 Bd7 17. c5 Qg4 18. Bg2 Rf8 19. Qd2 b6 20. b4 bxc5
21. bxc5 Bc8 22. Rf1 Ba6 23. Rxf8+ Kxf8 24. Kf2 Bd8 25. Bf1 h5 26. h4 Qf5+ 27.
Kg1 Qg4 28. Kh2 Kf7 29. Qe1 g6 30. Qf2+ Qf5 31. Bf4 Ke8 32. Bh3 Qf7 33. Qe3 Bc4
34. Qd2 Kd7 35. a3 a6 36. Kg2 Bb5 37. Qe1 Bxh4 38. Be3 Bd8 39. g4 hxg4 40. Bxg4
Qh7 41. Qg3 Bh4 42. Qh3 Qe7 43. Bxe6+ 1/2-1/2

[Event "OLNO 1718 TuS Makkabi Berlin - TSG Neur"]
[Site "?"]
[Date "2018.01.21"]
[Round "5.5"]
[White "Germann, Heike"]
[Black "Sawlin, Michail"]
[Result "1/2-1/2"]
[WhiteElo "2047"]
[BlackElo "2175"]
[PlyCount "65"]
[EventDate "2018.??.??"]

1. d4 e6 2. c4 d5 3. Nc3 f5 4. g3 Nf6 5. Bg2 c6 6. Nh3 Be7 7. O-O O-O 8. Qc2 a5
9. e3 Na6 10. a3 Bd7 11. b3 b5 12. Nf4 Rc8 13. Qe2 Qb6 14. c5 Qb7 15. Nd3 Bd8
16. Bd2 Nb8 17. b4 a4 18. f3 Be8 19. e4 Bf7 20. Bf4 Bc7 21. Bg5 Nbd7 22. e5 h6
23. Bxf6 gxf6 24. f4 Kh7 25. Bh3 Rce8 26. Kh1 Bg6 27. Rf2 Qb8 28. Rg1 Qd8 29.
Nd1 Qe7 30. Ne3 Qf7 31. Ne1 Rg8 32. Bg2 Bh5 33. Qc2 1/2-1/2

[Event "OLNO 1718 TuS Makkabi Berlin - TSG Neur"]
[Site "?"]
[Date "2018.01.21"]
[Round "5.6"]
[White "Emig, Edgar"]
[Black "Biemann, Helge"]
[Result "1-0"]
[WhiteElo "2132"]
[BlackElo "2003"]
[PlyCount "65"]
[EventDate "2018.??.??"]

1. e4 e6 2. c4 d5 3. cxd5 exd5 4. exd5 Nf6 5. Nc3 Nxd5 6. Nf3 Be7 7. d4 O-O 8.
Bc4 c6 9. h3 Be6 10. Qb3 Qc8 11. Nxd5 cxd5 12. Bxd5 Bxd5 13. Qxd5 Bb4+ 14. Kf1
Qc2 15. Qb3 Qxb3 16. axb3 Nc6 17. Be3 Rad8 18. Ke2 Ba5 19. Ne5 Nxe5 20. dxe5
Rd5 21. f4 Rb5 22. Bxa7 b6 23. Ra3 g5 24. Rd1 gxf4 25. Rd4 Ra8 26. Bxb6 Rxb6
27. Rda4 Rb5 28. b4 Rxe5+ 29. Kf3 Rb5 30. b3 Rab8 31. bxa5 Rxb3+ 32. Rxb3 Rxb3+
33. Kxf4 1-0

[Event "OLNO 1718 TuS Makkabi Berlin - TSG Neur"]
[Site "?"]
[Date "2018.01.21"]
[Round "5.7"]
[White "Schuckar, Donald"]
[Black "Fliter, Irena"]
[Result "0-1"]
[WhiteElo "1990"]
[BlackElo "2088"]
[PlyCount "72"]
[EventDate "2018.??.??"]

1. d4 d6 2. e4 g6 3. Nf3 Bg7 4. Nc3 Nf6 5. Bg5 c6 6. Bc4 b5 7. Bd3 O-O 8. e5
dxe5 9. dxe5 Nd5 10. Nxd5 Qxd5 11. O-O Re8 12. Qe2 Bg4 13. Bf4 Bxf3 14. gxf3
Qd4 15. Bg3 Qxb2 16. a4 Nd7 17. e6 Ne5 18. exf7+ Kxf7 19. Be4 Rac8 20. Rab1 Qc3
21. axb5 cxb5 22. Rxb5 Rc5 23. Rxc5 Qxc5 24. Rd1 Nc6 25. Rd5 Qc3 26. Rd7 Qa1+
27. Kg2 Ne5 28. Bd5+ Kf8 29. Rb7 Qd4 30. Bb3 a5 31. f4 Nf7 32. Qe6 Qf6 33. Qd5
Rd8 34. Qxa5 Qc6+ 35. Bd5 Qxd5+ 36. Qxd5 Rxd5 0-1

[Event "OLNO 1718 SK König Tegel II - LOK RAW C"]
[Site "?"]
[Date "2018.01.21"]
[Round "5.1"]
[White "Kapp, Martin"]
[Black "Berger, Steve"]
[Result "1/2-1/2"]
[WhiteElo "2240"]
[BlackElo "2416"]
[PlyCount "137"]
[EventDate "2018.??.??"]

1. d4 e6 2. c4 Nf6 3. Nf3 Bb4+ 4. Bd2 Qe7 5. g3 Nc6 6. Bg2 Bxd2+ 7. Nbxd2 d6 8.
O-O e5 9. d5 Nb8 10. e4 a5 11. Nh4 g5 12. Nf5 Bxf5 13. exf5 Nbd7 14. Qe2 h5 15.
h3 h4 16. g4 Ra6 17. b3 Nh7 18. a3 O-O 19. Qe3 Rfa8 20. Ne4 f6 21. c5 Nxc5 22.
Nxc5 dxc5 23. Rfc1 a4 24. Rxc5 axb3 25. d6 Qxd6 26. Qxb3+ Kh8 27. Rd5 Rb6 28.
Qd1 Qf8 29. a4 c6 30. Rd7 Rb4 31. a5 Rb8 32. Rb1 Rxb1 33. Qxb1 Qc8 34. Qd3 e4
35. Bxe4 Qe8 36. Kg2 Nf8 37. Rd6 Qe5 38. a6 bxa6 39. Bxc6 Kg7 40. Rd5 Qc7 41.
Rd6 a5 42. Qd4 Qe7 43. Bf3 Rb4 44. Qd2 Qe5 45. Rc6 Rb2 46. Rc2 Rxc2 47. Qxc2
Qd6 48. Qa4 Qc7 49. Qe8 Qa7 50. Bc6 Qc5 51. Qa8 Qb6 52. Bd5 Qc7 53. Ba2 Qe7 54.
Qxa5 Qe4+ 55. Kg1 Kh6 56. Bd5 Qe7 57. Qa8 Kg7 58. Ba2 Kh6 59. Be6 Kg7 60. Qc8
Kh7 61. Kg2 Kg7 62. Qc6 Kh6 63. Bc4 Kg7 64. Qd5 Kh6 65. Kf1 Nh7 66. Qg8 Nf8 67.
Qh8+ Nh7 68. Bg8 Qe1+ 69. Kxe1 1/2-1/2

[Event "OLNO 1718 SK König Tegel II - LOK RAW C"]
[Site "?"]
[Date "2018.01.21"]
[Round "5.2"]
[White "Giemsa, Stephan"]
[Black "Manigk, Sebastian"]
[Result "1/2-1/2"]
[WhiteElo "2284"]
[BlackElo "2245"]
[PlyCount "25"]
[EventDate "2018.??.??"]

1. d4 d5 2. c4 dxc4 3. e3 e5 4. Bxc4 exd4 5. exd4 Bd6 6. Nc3 Nf6 7. Nf3 O-O 8.
O-O Nc6 9. h3 h6 10. Qc2 Nb4 11. Qb1 Be6 12. Bxe6 fxe6 13. Re1 1/2-1/2

[Event "OLNO 1718 SK König Tegel II - LOK RAW C"]
[Site "?"]
[Date "2018.01.21"]
[Round "5.3"]
[White "Kunze, Kerstin"]
[Black "Lorenz, Sascha"]
[Result "1/2-1/2"]
[WhiteElo "2095"]
[BlackElo "2237"]
[PlyCount "21"]
[EventDate "2018.??.??"]

1. e4 d5 2. exd5 Qxd5 3. Nc3 Qd8 4. d4 Nf6 5. Nf3 c6 6. h3 Bf5 7. Bd3 Bxd3 8.
Qxd3 e6 9. O-O Be7 10. Rd1 O-O 11. Ne5 1/2-1/2

[Event "OLNO 1718 SK König Tegel II - LOK RAW C"]
[Site "?"]
[Date "2018.01.21"]
[Round "5.4"]
[White "Dimitrijeski, Kristian"]
[Black "Franzke, Alexander"]
[Result "1-0"]
[WhiteElo "2168"]
[BlackElo "2033"]
[PlyCount "127"]
[EventDate "2018.??.??"]

1. d4 c5 2. d5 d6 3. c4 g6 4. Nf3 Bg7 5. e4 e6 6. Nc3 Ne7 7. Be2 h6 8. O-O Bxc3
9. bxc3 e5 10. Ne1 g5 11. g3 Bh3 12. Ng2 Nd7 13. Bg4 Bxg4 14. Qxg4 Rg8 15. Qe2
Qa5 16. Bd2 O-O-O 17. Rfb1 Qa4 18. Ne3 Nb6 19. Rb3 Rdf8 20. Bc1 Kb8 21. Rab1 f5
22. exf5 Nxf5 23. Ra3 Qd7 24. Nxf5 Rxf5 25. Be3 h5 26. Rab3 g4 27. Rb5 Rf7 28.
Ra1 Qf5 29. Re1 Qe4 30. Bxc5 Qxc4 31. Bxd6+ Ka8 32. Qxc4 Nxc4 33. Bc5 Rc8 34.
Be3 Rd7 35. Rd1 Nxe3 36. fxe3 Rxc3 37. Rb3 Rc4 38. Rbd3 Kb8 39. d6 Rc2 40. Rd5
Rxa2 41. Rxe5 b6 42. e4 Re2 43. Re8+ Kb7 44. e5 Rf7 45. Rf1 Rxf1+ 46. Kxf1 Rd2
47. Re7+ Kc6 48. Rxa7 b5 49. Rc7+ Kb6 50. Rc1 b4 51. Rc8 Kb5 52. Ke1 Rd5 53.
Kf2 b3 54. Rb8+ Kc4 55. e6 Rxd6 56. e7 Rf6+ 57. Kg2 Re6 58. e8=Q Rxe8 59. Rxe8
b2 60. Rb8 Kc3 61. Kf2 Kc2 62. Ke3 b1=Q 63. Rxb1 Kxb1 64. Kf4 1-0

[Event "OLNO 1718 SK König Tegel II - LOK RAW C"]
[Site "?"]
[Date "2018.01.21"]
[Round "5.5"]
[White "Lehmann, Alexander"]
[Black "Anibar, Ahmed"]
[Result "0-1"]
[WhiteElo "1970"]
[BlackElo "2285"]
[PlyCount "50"]
[EventDate "2018.??.??"]

1. e4 e6 2. d4 d5 3. e5 c5 4. c3 Bd7 5. Nf3 a6 6. Bd3 Bb5 7. O-O Bxd3 8. Qxd3
Nc6 9. a3 c4 10. Qc2 Rc8 11. Bg5 Be7 12. Bxe7 Ngxe7 13. Nbd2 Ng6 14. Rfe1 O-O
15. Nf1 f6 16. Re3 fxe5 17. dxe5 Rc7 18. Nd4 Nxd4 19. cxd4 Rcf7 20. g3 Qb6 21.
Rd1 Rxf2 22. Qxf2 Rxf2 23. Kxf2 Qxb2+ 24. Rd2 Qb6 25. Rf3 Nxe5 0-1

[Event "OLNO 1718 SK König Tegel II - LOK RAW C"]
[Site "?"]
[Date "2018.01.21"]
[Round "5.6"]
[White "Niehaus, Frank"]
[Black "Hering, Sven"]
[Result "1/2-1/2"]
[WhiteElo "2175"]
[BlackElo "1983"]
[PlyCount "43"]
[EventDate "2018.??.??"]

1. e4 c5 2. Nf3 Nc6 3. d4 cxd4 4. Nxd4 e5 5. Nb5 d6 6. N1c3 a6 7. Na3 Be7 8.
Nd5 Nf6 9. Nxf6+ Bxf6 10. Nc4 O-O 11. Ne3 Be6 12. Be2 Bg5 13. O-O Nd4 14. c3
Bxe3 15. Bxe3 Nxe2+ 16. Qxe2 Qc7 17. Rfd1 Rad8 18. a4 Bb3 19. Rd2 Qc6 20. Qg4
d5 21. exd5 Rxd5 22. Rxd5 1/2-1/2

[Event "OLNO 1718 SV Empor Berlin - FHSH Strals"]
[Site "?"]
[Date "2018.01.21"]
[Round "5.1"]
[White "Lang, Henry"]
[Black "Thinius, Marco"]
[Result "0-1"]
[WhiteElo "1989"]
[BlackElo "2380"]
[PlyCount "62"]
[EventDate "2018.??.??"]

1. Nf3 c5 2. g3 Nc6 3. Bg2 g6 4. O-O Bg7 5. c4 Nh6 6. e4 O-O 7. Nc3 d6 8. d3
Rb8 9. Rb1 f5 10. h3 fxe4 11. dxe4 Nf7 12. Bd2 a6 13. Qe2 b5 14. b3 e6 15. Rfd1
Bd7 16. Rbc1 Nd4 17. Nxd4 cxd4 18. Nb1 bxc4 19. bxc4 Rb2 20. a3 Qb6 21. Ba5 d3
22. Qe1 Qb3 23. f4 Bd4+ 24. Kh2 Bc6 25. Nd2 Qxa3 26. Nf3 Re2 27. Qb4 Qxb4 28.
Bxb4 Bxe4 29. Kh1 Bf2 30. Ng1 Be1 31. Bxe4 Bxb4 0-1

[Event "OLNO 1718 SV Empor Berlin - FHSH Strals"]
[Site "?"]
[Date "2018.01.21"]
[Round "5.2"]
[White "Foerster, Jonas"]
[Black "Mehl, Ronald"]
[Result "1-0"]
[WhiteElo "2275"]
[BlackElo "2116"]
[PlyCount "79"]
[EventDate "2018.??.??"]

1. d4 Nf6 2. Nf3 g6 3. c4 Bg7 4. Nc3 O-O 5. e4 d6 6. Be2 e5 7. O-O Nbd7 8. Re1
Re8 9. d5 Nc5 10. Qc2 a5 11. Bf1 Bd7 12. b3 Rf8 13. Rb1 b6 14. a3 Qe7 15. b4
axb4 16. axb4 Nb7 17. Bg5 h6 18. Bxf6 Bxf6 19. Ra1 Rfb8 20. Ra2 Qd8 21. Rea1
Kg7 22. Ra7 Rxa7 23. Rxa7 Bc8 24. Qa4 Qd7 25. Nb5 Bd8 26. Ra8 Rxa8 27. Qxa8 c5
28. dxc6 Qxc6 29. Na7 Qa4 30. Qb8 Be6 31. Qxb7 Qa1 32. Nc6 Bg5 33. Qa7 Qc1 34.
Qa2 b5 35. Na5 bxc4 36. Nxc4 d5 37. exd5 Bxd5 38. Qb2 Qxb2 39. Nxb2 Bf6 40. Bc4
1-0

[Event "OLNO 1718 SV Empor Berlin - FHSH Strals"]
[Site "?"]
[Date "2018.01.21"]
[Round "5.3"]
[White "Hubert, Peter"]
[Black "Szajbely, Zsigmond"]
[Result "1/2-1/2"]
[WhiteElo "2070"]
[BlackElo "2277"]
[PlyCount "67"]
[EventDate "2018.??.??"]

1. e4 c5 2. Nf3 d6 3. d4 cxd4 4. Nxd4 Nf6 5. Nc3 a6 6. g3 e5 7. Nb3 Qc7 8. Bg2
Be6 9. O-O Nbd7 10. h3 Nb6 11. Nd5 Nfxd5 12. exd5 Bf5 13. c3 Nc4 14. Nd2 g6 15.
Nxc4 Qxc4 16. Qb3 b5 17. Bg5 Be7 18. Bxe7 Kxe7 19. Rfe1 Qc5 20. Re3 Rab8 21. a3
Rhc8 22. Qb4 f6 23. Qh4 g5 24. Qh6 Rf8 25. Rae1 Rf7 26. Kh2 Rbf8 27. g4 Bg6 28.
f4 gxf4 29. Qxf4 Kd7 30. Qb4 Rc8 31. Be4 f5 32. gxf5 Qxb4 33. axb4 Bxf5 34. Rf3
1/2-1/2

[Event "OLNO 1718 SV Empor Berlin - FHSH Strals"]
[Site "?"]
[Date "2018.01.21"]
[Round "5.4"]
[White "Meissner, Hans-Juergen"]
[Black "Glawe, Hartmut"]
[Result "1-0"]
[WhiteElo "2271"]
[BlackElo "2046"]
[PlyCount "76"]
[EventDate "2018.??.??"]

1. d4 Nf6 2. Nf3 e6 3. c4 d5 4. Bg5 Be7 5. Nc3 a6 6. c5 Nbd7 7. e3 Ne4 8. Bxe7
Qxe7 9. Qc2 f5 10. Be2 O-O 11. O-O c6 12. Na4 Rb8 13. b4 g5 14. Nd2 g4 15. f3
Nxd2 16. Qxd2 g3 17. hxg3 Qg5 18. Kf2 Nf6 19. Nc3 Nh5 20. f4 Qxg3+ 21. Kg1 Qh4
22. Bxh5 Qxh5 23. Rf3 Kh8 24. Rh3 Qg4 25. Na4 Rg8 26. Kh2 Bd7 27. Rg1 Rbf8 28.
Qf2 Rf6 29. Nb2 Qg7 30. Nd3 Rh6 31. Ne5 Be8 32. Qf3 Bg6 33. Qg3 Rh5 34. Rxh5
Bxh5 35. Qxg7+ Kxg7 36. Kg3 Kf6+ 37. Kf2 Ke7 38. Rh1 Bf7 1-0